| 000 | 00457cam a2200181ua 4500 | ||
|---|---|---|---|
| 001 | 12143 | ||
| 008 | 200224n ii |||gr||||Z||||||eng | ||
| 020 | _a9789383252404 | ||
| 040 | _cMAIN | ||
| 082 | _a510 | ||
| 100 |
_aSahin Ahmed, _eEditor. |
||
| 245 |
_aRecent trends of mathematics and applications _cEd by Sahin Ahmed |
||
| 250 | _a1st ed. | ||
| 260 |
_aGuwahati: _bEBH publishers, _c2014. |
||
| 300 | _a171p. | ||
| 653 | _aMathematics | ||
| 942 | _cBK | ||
| 999 |
_c10910 _d10910 |
||